| 000 | 00472nam a22001575i 4500 | ||
|---|---|---|---|
| 001 | 171665 | ||
| 003 | ES-MaACL | ||
| 005 | 20230906214707.0 | ||
| 008 | 090525s1956 sp |||| | cat d | ||
| 100 | 1 |
_aSole de Sojo, Vicente. _9140325 |
|
| 245 | 1 | 0 |
_aEstances / _cV. Sole de Sojo ; [il-lustrat per Joan Commeleran]. |
| 260 |
_aBarcelona : _bHorta, _c1956. |
||
| 300 |
_a173 p. ; _c19 cm. |
||
| 700 | 1 |
_aCommeleran, Joan. _9140326 |
|
| 852 |
_aES-MaACL _jC-12532 _9R.40417 |
||
| 999 |
_c171665 _d171665 |
||